Routledge handbook of South Asian economics 2011.
| Other Authors: | |
|---|---|
| Format: | Book |
| Published: |
London:
Routledge,
2011.
|
| Subjects: |
| LEADER | 00537cam a2200181 7i4500 | ||
|---|---|---|---|
| 001 | 0000028830 | ||
| 005 | 20130515090000.0 | ||
| 020 | 0 | 0 | |a 9780415553971 |
| 090 | 0 | 0 | |a SOUA 330.954 |b ROU |
| 245 | 0 | 0 | |a Routledge handbook of South Asian economics 2011. |
| 260 | 0 | 0 | |a London: |b Routledge, |c 2011. |
| 300 | # | # | |a 327 p. |
| 650 | 0 | 0 | |a South Asia -- |x Economic conditions |
| 650 | 0 | 0 | |a South Asia -- |x Economic policy |
| 651 | 0 | 0 | |a India |
| 651 | 0 | 0 | |a South Asia |
| 700 | 1 | 0 | |a Jha, |h Raghbendra |
| 999 | |a B000032298 |b Book |c Regions |e Business Information Centre | ||


